<?xml version="1.0" encoding="UTF-8"?>
<collection xmlns="http://www.loc.gov/MARC21/slim">
<record>
  <controlfield tag="001">109717</controlfield>
  <controlfield tag="005">20220209103224.0</controlfield>
  <datafield tag="024" ind1="7" ind2=" ">
    <subfield code="2">doi</subfield>
    <subfield code="a">10.5209/cdmu.79113</subfield>
  </datafield>
  <datafield tag="024" ind1="8" ind2=" ">
    <subfield code="2">sideral</subfield>
    <subfield code="a">127626</subfield>
  </datafield>
  <datafield tag="037" ind1=" " ind2=" ">
    <subfield code="a">ART-2022-127626</subfield>
  </datafield>
  <datafield tag="041" ind1=" " ind2=" ">
    <subfield code="a">deu</subfield>
  </datafield>
  <datafield tag="100" ind1=" " ind2=" ">
    <subfield code="a">Agustín-Lacruz, Carmen</subfield>
    <subfield code="u">Universidad de Zaragoza</subfield>
    <subfield code="0">(orcid)0000-0003-2577-1998</subfield>
  </datafield>
  <datafield tag="245" ind1=" " ind2=" ">
    <subfield code="a">En el laberinto de las plataformas VOD: Un estudio comparativo de Netflix, Amazon Prime Video, HBO, Movistar+ Lite, Filmin y Disney+</subfield>
  </datafield>
  <datafield tag="260" ind1=" " ind2=" ">
    <subfield code="c">2022</subfield>
  </datafield>
  <datafield tag="520" ind1="3" ind2=" ">
    <subfield code="a">Se describen, analizan y comparan las características de seis plataformas VOD disponibles en España: Netflix, Amazon Prime Video, HBO, Movistar+ Lite, Filmin y Disney+, mediante un conjunto de cuarenta rúbricas, estructuradas en cinco dimensiones: información básica, dispositivos y aplicaciones; contenidos; acceso y visualización e interacción de los usuarios. Este análisis proporciona una visión de conjunto de las plataformas que permite comprender de forma holística la evolución y las posibilidades de estos servicios VOD. También se ofrece una caracterización exhaustiva de cada plataforma y una comparación sistemática de sus prestaciones, mostrando sus fortalezas y limitaciones. Se concluye que los contenidos son el principal valor para atraer clientes, pero también se consideran otras prestaciones como el número de dispositivos desde los que ver o enlazar de forma simultánea; número de perfiles, control parental, extensiones para navegadores, información sobre altas, opciones de búsqueda y posibilidades para valorar y recomendar contenidos.</subfield>
  </datafield>
  <datafield tag="506" ind1="0" ind2=" ">
    <subfield code="a">Access copy available to the general public</subfield>
    <subfield code="f">Unrestricted</subfield>
  </datafield>
  <datafield tag="540" ind1=" " ind2=" ">
    <subfield code="9">info:eu-repo/semantics/openAccess</subfield>
    <subfield code="a">by</subfield>
    <subfield code="u">http://creativecommons.org/licenses/by/3.0/es/</subfield>
  </datafield>
  <datafield tag="655" ind1=" " ind2="4">
    <subfield code="a">info:eu-repo/semantics/article</subfield>
    <subfield code="v">info:eu-repo/semantics/publishedVersion</subfield>
  </datafield>
  <datafield tag="700" ind1=" " ind2=" ">
    <subfield code="a">Gómez-Díaz, Raquel</subfield>
  </datafield>
  <datafield tag="710" ind1="2" ind2=" ">
    <subfield code="1">3011</subfield>
    <subfield code="2">040</subfield>
    <subfield code="a">Universidad de Zaragoza</subfield>
    <subfield code="b">Dpto. Ciencias Doc. Hª Ciencia</subfield>
    <subfield code="c">Área Biblioteconomía y Docum.</subfield>
  </datafield>
  <datafield tag="773" ind1=" " ind2=" ">
    <subfield code="g">32, 1-15 (2022)</subfield>
    <subfield code="p">Cuad. doc. multimed. (Internet)</subfield>
    <subfield code="t">Cuadernos de documentación multimedia (Internet)</subfield>
    <subfield code="x">1575-9733</subfield>
  </datafield>
  <datafield tag="856" ind1="4" ind2=" ">
    <subfield code="s">841981</subfield>
    <subfield code="u">http://zaguan.unizar.es/record/109717/files/texto_completo.pdf</subfield>
    <subfield code="y">Versión publicada</subfield>
  </datafield>
  <datafield tag="856" ind1="4" ind2=" ">
    <subfield code="s">2852154</subfield>
    <subfield code="u">http://zaguan.unizar.es/record/109717/files/texto_completo.jpg?subformat=icon</subfield>
    <subfield code="x">icon</subfield>
    <subfield code="y">Versión publicada</subfield>
  </datafield>
  <datafield tag="909" ind1="C" ind2="O">
    <subfield code="o">oai:zaguan.unizar.es:109717</subfield>
    <subfield code="p">articulos</subfield>
    <subfield code="p">driver</subfield>
  </datafield>
  <datafield tag="951" ind1=" " ind2=" ">
    <subfield code="a">2022-02-09-09:17:15</subfield>
  </datafield>
  <datafield tag="980" ind1=" " ind2=" ">
    <subfield code="a">ARTICLE</subfield>
  </datafield>
</record>
</collection>